000 00418nam a2200181Ia 4500
001 17668
005 20260306171534.0
008 260306s9999||||xx |||||||||||||| ||und||
041 _aESP
082 _a658.15
_bB83
100 _aBrigham, Eugene F.
_eAUT
245 0 _aFundamentos de administración financiera
260 _c2005
300 _a
_c
650 _aGEN
654 _aCAN
942 _cLIB
_dJUS
_fJUS
_2ddc
_n
999 _c17668
_d17668